عرض عادي عرض مارك
  • MATLAB

مدخل عنوان موحد

عدد التسجيلات المستخدمة في: 2

001 - رقم الضبط

  • حقل الضبط: 38993

003 - معرف رقم الضبط

  • حقل الضبط: OSt

005 - تاريخ ووقت أخر عملية

  • حقل الضبط: 20131102113325.0

008 - عناصر بيانات ثابتة الطول

  • حقل تحكم ثابت الطول: 131102|||a|||||| | ||| d

040 ## - مصدر الفهرسة

  • هيئة الفهرسة الأصلية: OSt
  • وكالة الكتابة: OSt

130 ## - مدخل -- اسم مؤتمر

  • العنوان الموحد: MATLAB
  • تفريع شكلي: Textbooks.

670 ## - بيانات المصدر موجوده

  • الاستشهاد بالمصدر: Work cat.: (OSt)0: Chapra, Steven C. 38992, Applied numerical methods with MATLAB for engineers and scientists /, c2005.